| 000 | 00570nam a2200193Ia 4500 | ||
|---|---|---|---|
| 003 | IN-BaIIA | ||
| 008 | 211028s9999 xx 000 0 eng d | ||
| 020 | _a978-3-527-40679-1 | ||
| 040 | _cIIA Library | ||
| 080 |
_a539.17 _bSTA |
||
| 100 |
_aStacey, Weston M _929836 |
||
| 245 | 0 |
_aNuclear reactor physics _cWeston M Stacey |
|
| 250 | _a2nd ed. | ||
| 260 |
_bWiley-VCH Verlag Gmbh _c2007 |
||
| 300 | _a[various pagings.] | ||
| 650 |
_aNeutron nuclear reactions _932369 |
||
| 650 |
_aNuclear reactors _92632 |
||
| 942 | _cBK | ||
| 999 |
_c17174 _d17174 |
||